ÖYKÜLERLE DEYİMLER UZUN LAFIN KISASI (Record no. 646949)

MARC details
000 -LEADER
sabit uzunluktaki kontrol alanı 00252nam a2200097Ia 4500
001 - KONTROL NUMARASI
kontrol alanı 646949
005 - EN SON İŞLEMİN TARİH VE ZAMANI
kontrol alanı 20250826153652.0
008 - SABİT-UZUNLUKTA VERİ ÖĞELERİ--GENEL BİLGİ
sabit uzunluktaki kontrol alanı 250824s9999 xx 000 0 und d
245 #0 - ESER / YAZAR
ESER ADI ÖYKÜLERLE DEYİMLER UZUN LAFIN KISASI
Yazar Adı HABİB BEKTAŞ
260 ## - YAYIN, DAĞITIM, VB.
YAYIN EVİ TUDEM
Holdings
Düşüm durumu Kayıp durumu Hasar Durumu Ödünç verilmez Ana kütüphane Geçerli Kütüphane Edinilen tarih Toplam ödünç verme sayısı Barkod Son görüntüleme tarihi Fiyatın geçerli olmaya başladığı tarih Koha materyal türü
        MUSTAFA BÜYÜKKAPLAN İMAM HATİP ORTAOKULU (ERKEK) MUSTAFA BÜYÜKKAPLAN İMAM HATİP ORTAOKULU (ERKEK) 24.08.2025   10052066 26.08.2025 26.08.2025 Books